| 000 | 00594nam a2200193Ia 4500 | ||
|---|---|---|---|
| 999 |
_c30597 _d30597 |
||
| 003 | OSt | ||
| 005 | 20200803105952.0 | ||
| 008 | 190216s9999||||xx |||||||||||||| ||und|| | ||
| 020 | _a0582455790 | ||
| 040 | _coclc | ||
| 082 |
_a515.353 _bSTE/I |
||
| 100 |
_aStephenson, G _93903 |
||
| 245 | 3 |
_aAn Introduction To Partial Differential Equations For Science Students / _cG Stephenson |
|
| 250 | _a2nd Ed. | ||
| 260 |
_bThe English Language Book Society, _c1968. _aLondon: |
||
| 300 | _a152p | ||
| 650 | _aMathematics | ||
| 942 |
_cBK _2ddc _h515.353 _iSTE/I _k515.353 _mSTE/I |
||